| 000 | 00422nam a22001457a 4500 | ||
|---|---|---|---|
| 008 | 190619b xxu||||| |||| 00| 0 eng d | ||
| 020 | _a0553560077 | ||
| 050 |
_aPZ 7 _b.P119c138 1993. |
||
| 100 | _aEdward Packard | ||
| 245 |
_aChoose your adventure: _bDinosaur island/ _cEdward Packard |
||
| 260 |
_aNew York: _bBantam Books _c1993. |
||
| 300 | _a119 p. ; ill. : 170 cm. | ||
| 440 | _aDinosaur Island | ||
| 942 |
_2lcc _cBK |
||
| 999 |
_c361918 _d361918 |
||